|
|
|
|
| LEADER |
01411nam a2200361Ia 4500 |
| 001 |
EBC647755 |
| 003 |
MiAaPQ |
| 005 |
20200520144314.0 |
| 006 |
m o d | |
| 007 |
cr cn||||||||| |
| 008 |
110204s2010 enka sb 000 0 eng d |
| 020 |
|
|
|z 9780857246752
|
| 035 |
|
|
|a (MiAaPQ)EBC647755
|
| 035 |
|
|
|a (Au-PeEL)EBL647755
|
| 035 |
|
|
|a (CaPaEBR)ebr10440374
|
| 035 |
|
|
|a (CaONFJC)MIL298737
|
| 035 |
|
|
|a (OCoLC)700706501
|
| 040 |
|
|
|a MiAaPQ
|c MiAaPQ
|d MiAaPQ
|
| 050 |
|
4 |
|a HG4001
|b .M363612 2010
|
| 245 |
0 |
0 |
|a Managerial finance
|h [electronic resource] :
|n Volume 36, Number 12,
|p Performance and productivity in banking and capital markets :
|b an 'emergent' markets perspective /
|c guest editor: Zeljko Sevic.
|
| 260 |
|
|
|a [Bradford, England] :
|b Emerald,
|c 2010.
|
| 300 |
|
|
|a p. 987-1066 :
|b ill.
|
| 490 |
0 |
|
|a Managerial finance ;
|v v. 36, no. 12
|
| 504 |
|
|
|a Includes bibliographical references.
|
| 533 |
|
|
|a Electronic reproduction. Ann Arbor, MI : ProQuest, 2015. Available via World Wide Web. Access may be limited to ProQuest affiliated libraries.
|
| 650 |
|
0 |
|a Banks and banking.
|
| 650 |
|
0 |
|a Business enterprises
|x Finance.
|
| 650 |
|
0 |
|a Capital market.
|
| 650 |
|
0 |
|a Corporations
|x Finance.
|
| 655 |
|
4 |
|a Electronic books.
|
| 700 |
1 |
|
|a Sevic, Zeljko.
|
| 710 |
2 |
|
|a ProQuest (Firm)
|
| 856 |
4 |
0 |
|u https://ebookcentral.proquest.com/lib/matrademy/detail.action?docID=647755
|z Click to View
|